000 00334nam a22001457a 4500
003 MACL
005 20151105131107.0
008 151105b xxu||||| |||| 00| 0 eng d
040 _cMACL
041 _aEnglish
100 _aSC Gupta
_917301
245 _a151 Essays
260 _aMeerut
_bArihant Publications
_c2015
942 _2ddc
_cBK
999 _c50538
_d50538